000 00454nam a2200181 a 4500
001 2577
003 CO-ViMGA
008 141112s2004 ck r 000 u spa d
040 _aCO-ViMGA
_bspa
_cCO-ViMGA
082 0 4 _aPe863.42 R413
100 1 _aRibeyro, Julio Ramon
_951556
245 1 0 _aCambio de guardia
260 _aBarcelona :
_bTusquets,
_c1994
300 _a307 p
490 _aAndanzas, 215
650 1 4 _aNOVELA PERUANA
_94130
942 _2ddc
_cBK
999 _c14654
_d14654